Piłkarze Ruchu Chorzów - nagła śmierć - Statystyki

Ogólne statystyki
  • Ten quiz został rozwiązany 28 razy
  • Średni wynik to 8 z 20
Answers on the Grid
Answers color-coded by a green-red scale on the quiz's grid according to % correct below.
Łukasz Burliga
Damian Jakubik
Przemysław Szymiński
Bartosz Bida
Maciej Jankowski
Arkadiusz Piech
Adam Deja
Łukasz Moneta
Róbert Pich
Robert Dadok
Rafał Wolski
Mariusz Stępiński
Oskar Zawada
Michał Helik
Marcel Reguła
Michał Koj
Maciej Żurawski
Wojciech Łaski
Rafał Leszczyński
Sebastian Mila
Piotr Ćwielong
Patryk Szysz
Alan Czerwiński
Paweł Jaroszyński
Waldemar Fornalik
Kamil Antonik
Michał Feliks
Marcin Cebula
Sebastian Madejski
Rafał Grodzicki
Tomasz Neugebauer
Arkadiusz Głowacki
Daniel Dziwniel
Matúš Putnocký
Miłosz Kozak
Patryk Sokołowski
Marko Kolar
Damian Zbozień
Daniel Ściślak
Mateusz Praszelik
 
Statystyki odpowiedzi
Odpowiedź % Poprawnych
Mariusz Stępiński
65%
Miłosz Kozak
61%
Michał Feliks
57%
Łukasz Moneta
52%
Przemysław Szymiński
52%
Waldemar Fornalik
52%
Arkadiusz Piech
48%
Marko Kolar
48%
Piotr Ćwielong
48%
Rafał Grodzicki
43%
Robert Dadok
43%
Matúš Putnocký
39%
Maciej Jankowski
35%
Michał Helik
35%
Michał Koj
35%
Wojciech Łaski
30%
Daniel Dziwniel
26%
Łukasz Burliga
26%
Maciej Żurawski
26%
Tomasz Neugebauer
26%
Nie znaleziono quizów pasujących do podanych kryteriów
Rozkład punktacji
Procent ludzi z każdym wynikiem
Percentyl według liczby udzielonych odpowiedzi
Twoja historia wyników
Nie rozwiązałeś tego quizu